[Event "Titled Tuesday intern op 28th Dec"]
[Site "Chess.com INT"]
[Date "2021.12.28"]
[Round "5"]
[White "Iljushina, Olga"]
[Black "Shtyka, Sergey"]
[Result "1/2-1/2"]
[WhiteElo "2054"]
[BlackElo "2154"]
[PlyCount "140"]
[EventDate "2021.12.28"]
[EventType "swiss (blitz)"]
[EventRounds "11"]
[EventCountry "USA"]
[SourceTitle "CBM 206 Extra"]
[Source "ChessBase"]
[SourceDate "2022.03.31"]
[SourceVersion "1"]
[SourceVersionDate "2022.03.31"]
[SourceQuality "1"]

1. d4 c5 2. d5 e5 3. e4 d6 4. Bb5+ Bd7 5. Bd3 Be7 6. c4 Bg5 7. Nf3 Bxc1 8. Qxc1 Nf6 9. O-O O-O 10. Qg5 Qe7 11. Nbd2 a6 12. a4 b6 13. g3 Bh3 14. Rfe1 Nbd7 15. Bf1 Bxf1 16. Nxf1 g6 17. Nh4 Nxd5 18. Qxe7 Nxe7 19. Red1 Nc8 20. Ne3 Nf6 21. f3 Rd8 22. Nhg2 Ne7 23. a5 b5 24. cxb5 axb5 25. a6 Nc6 26. Nc2 Nb8 27. b4 c4 28. Ra5 Rxa6 29. Rxb5 Nc6 30. Nge3 Ra2 31. Rc1 c3 32. Rd1 Kg7 33. Rb6 Rc8 34. Rxd6 Nd4 35. Rxf6 Nxc2 36. Nd5 Nxb4 37. Nxb4 Rb2 38. Rfc6 Rxb4 39. Rxc8 Rxb6 40. Rxc3 Rb2 41. h4 h5 42. Rd3 f5 43. exf5 gxf5 44. Kf1 Kf6 45. Rd6+ Kg7 46. Re6 Rb5 47. Ke2 Kf7 48. Rh6 Rb2+ 49. Kf1 Rb3 50. Kg2 Rb2+ 51. Kh3 Rb3 52. Kg2 Rb2+ 53. Kf1 Rb1+ 54. Ke2 Rb2+ 55. Kd1 Rg2 56. Rxh5 Kf6 57. Rg5 Rf2 58. Rg8 Rxf3 59. h5 Rf2 60. h6 Rh2 61. Rh8 Kg6 62. Re8 e4 63. Re6+ Kh7 64. Rf6 Rxh6 65. Rxf5 Rh3 66. Rg5 Kh6 67. Re5 Rxg3 68. Rxe4 Rg5 69. Re6+ Rg6 70. Rxg6+ Kxg6 1/2-1/2

[Event "Titled Tuesday intern op 28th Dec"]
[Site "Chess.com INT"]
[Date "2021.12.28"]
[Round "5"]
[White "Ingebretsen, Jens E"]
[Black "Xiong, Jeffery"]
[Result "0-1"]
[WhiteElo "2309"]
[BlackElo "2686"]
[PlyCount "48"]
[EventDate "2021.12.28"]
[EventType "swiss (blitz)"]
[EventRounds "11"]
[EventCountry "USA"]
[SourceTitle "CBM 206 Extra"]
[Source "ChessBase"]
[SourceDate "2022.03.31"]
[SourceVersion "1"]
[SourceVersionDate "2022.03.31"]
[SourceQuality "1"]

1. d4 Nf6 2. Nf3 d5 3. b3 c5 4. e3 cxd4 5. exd4 Bg4 6. Bb2 Nc6 7. Nbd2 e6 8. Bd3 Bd6 9. h3 Bh5 10. O-O O-O 11. a3 Rc8 12. Qe2 Bf4 13. Rad1 Qc7 14. Rfe1 Rfd8 15. b4 a5 16. b5 Ne7 17. Nb3 b6 18. Bc1 Bxc1 19. Rxc1 Qc3 20. Ra1 Bxf3 21. Qxf3 a4 22. Nc5 Qxd4 23. Nxe6 fxe6 24. Rxe6 Qxa1+ 0-1

[Event "Titled Tuesday intern op 28th Dec"]
[Site "Chess.com INT"]
[Date "2021.12.28"]
[Round "5"]
[White "Iskusnyh, Sergei"]
[Black "Paiva, Henrique MA Alberg"]
[Result "0-1"]
[WhiteElo "2473"]
[BlackElo "2064"]
[PlyCount "74"]
[EventDate "2021.12.28"]
[EventType "swiss (blitz)"]
[EventRounds "11"]
[EventCountry "USA"]
[SourceTitle "CBM 206 Extra"]
[Source "ChessBase"]
[SourceDate "2022.03.31"]
[SourceVersion "1"]
[SourceVersionDate "2022.03.31"]
[SourceQuality "1"]

1. d4 d5 2. c4 c6 3. Nf3 Nf6 4. e3 Bg4 5. h3 Bh5 6. g4 Bg6 7. Ne5 Nbd7 8. Nxg6 hxg6 9. Bg2 e6 10. Nd2 Bd6 11. O-O Qe7 12. Re1 O-O 13. e4 dxe4 14. Nxe4 Nxe4 15. Rxe4 Rad8 16. Qc2 Bb8 17. Re2 Nf6 18. Be3 e5 19. Rae1 exd4 20. Bxd4 Qd6 21. Be5 Qc5 22. Bxb8 Rxb8 23. Qc3 Rfe8 24. b4 Qb6 25. c5 Qa6 26. Rxe8+ Rxe8 27. Rxe8+ Nxe8 28. a3 Nf6 29. Bf1 Qa4 30. Bc4 Qd1+ 31. Kg2 Qb1 32. Qf3 Qc1 33. h4 Qxc4 34. g5 Nd5 35. h5 Nf4+ 36. Kg1 Nxh5 37. Qg4 Qxg4+ 0-1

[Event "Titled Tuesday intern op 28th Dec"]
[Site "Chess.com INT"]
[Date "2021.12.28"]
[Round "5"]
[White "Ismayil, Malak"]
[Black "Coto Mederos, Michel"]
[Result "0-1"]
[WhiteElo "2058"]
[BlackElo "2348"]
[PlyCount "146"]
[EventDate "2021.12.28"]
[EventType "swiss (blitz)"]
[EventRounds "11"]
[EventCountry "USA"]
[SourceTitle "CBM 206 Extra"]
[Source "ChessBase"]
[SourceDate "2022.03.31"]
[SourceVersion "1"]
[SourceVersionDate "2022.03.31"]
[SourceQuality "1"]

1. e4 e5 2. Nf3 Nf6 3. Nxe5 d6 4. Nf3 Nxe4 5. Nc3 Nxc3 6. dxc3 Be7 7. Bc4 c6 8. O-O d5 9. Bd3 Bg4 10. Bf4 Nd7 11. h3 Bh5 12. Re1 O-O 13. Be2 Bf6 14. Nd4 Bg6 15. Bg4 Nc5 16. Nb3 Ne4 17. Be3 Re8 18. Be2 Qd6 19. Bd3 b6 20. f3 Ng3 21. Qd2 Qd7 22. Bf4 Nh5 23. Bh2 Bh4 24. Re2 Rxe2 25. Bxe2 Re8 26. c4 Qe6 27. Bf1 dxc4 28. Nd4 Qd5 29. Rd1 h6 30. c3 Ng3 31. Bxg3 Bxg3 32. Ne2 Qc5+ 33. Qd4 Bd6 34. Qxc5 Bxc5+ 35. Nd4 b5 36. a4 Rd8 37. Kf2 Bc2 38. Rd2 Bxa4 39. Kg3 Bxd4 40. cxd4 Bb3 41. f4 f6 42. Be2 Kf8 43. Bf3 c5 44. d5 Rd6 45. Re2 b4 46. f5 a5 47. Re3 a4 48. Kf4 a3 49. bxa3 bxa3 50. Re1 c3 51. Rc1 Bxd5 52. Bxd5 Rxd5 53. Rxc3 a2 54. Ra3 Rd2 55. g4 Rb2 56. Ke4 Ke7 57. Kd5 Rc2 58. Ra7+ Kd8 59. Kd6 Kc8 60. Kc6 Kb8 61. Ra3 c4 62. Kb6 c3 63. h4 Rb2+ 64. Kc6 c2 65. Kd7 c1=Q 66. Ke7 Rb7+ 67. Ke6 Qxa3 68. Kd5 Rd7+ 69. Ke4 Qc5 70. Kf4 Rd4+ 71. Kf3 Qc3+ 72. Ke2 Rd2+ 73. Ke1 Qc1# 0-1

[Event "Titled Tuesday intern op 28th Dec"]
[Site "Chess.com INT"]
[Date "2021.12.28"]
[Round "5"]
[White "Itkis, Boris"]
[Black "Levitsky, Andrey"]
[Result "0-1"]
[WhiteElo "2343"]
[BlackElo "2329"]
[PlyCount "94"]
[EventDate "2021.12.28"]
[EventType "swiss (blitz)"]
[EventRounds "11"]
[EventCountry "USA"]
[SourceTitle "CBM 206 Extra"]
[Source "ChessBase"]
[SourceDate "2022.03.31"]
[SourceVersion "1"]
[SourceVersionDate "2022.03.31"]
[SourceQuality "1"]

1. c4 c5 2. Nc3 g6 3. Nf3 Bg7 4. e3 Nf6 5. d4 cxd4 6. exd4 d5 7. cxd5 O-O 8. Bd3 Nxd5 9. O-O Nc6 10. Re1 Bg4 11. Be4 Nb6 12. h3 Bxf3 13. Bxf3 Bxd4 14. Bh6 Re8 15. Rc1 e5 16. Ne4 Nd5 17. Qb3 Nce7 18. Bg5 Qb6 19. Bxe7 Qxb3 20. axb3 Rxe7 21. Nd6 Nf4 22. Nb5 Rd8 23. Re4 a6 24. Nxd4 Rxd4 25. Rxd4 exd4 26. Rd1 Ne6 27. Re1 Rd7 28. Be2 Kg7 29. Bd3 Kf6 30. g3 b5 31. f4 Nc5 32. Rd1 Nxd3 33. Rxd3 Kf5 34. Kf2 Ke4 35. Ke2 Rc7 36. Rd2 a5 37. Kd1 d3 38. Rf2 Ke3 39. Rf1 f5 40. Re1+ Kf3 41. Kd2 Rc2+ 42. Kxd3 Rxb2 43. Re3+ Kf2 44. Kd4 Rd2+ 45. Rd3 Rxd3+ 46. Kxd3 a4 47. bxa4 bxa4 0-1

[Event "Titled Tuesday intern op 28th Dec"]
[Site "Chess.com INT"]
[Date "2021.12.28"]
[Round "5"]
[White "Jodorcovsky Werjivker, Paulo"]
[Black "Anuj, Shrivatri"]
[Result "1/2-1/2"]
[WhiteElo "2213"]
[BlackElo "2350"]
[PlyCount "163"]
[EventDate "2021.12.28"]
[EventType "swiss (blitz)"]
[EventRounds "11"]
[EventCountry "USA"]
[SourceTitle "CBM 206 Extra"]
[Source "ChessBase"]
[SourceDate "2022.03.31"]
[SourceVersion "1"]
[SourceVersionDate "2022.03.31"]
[SourceQuality "1"]

1. e4 c5 2. Nc3 Nc6 3. Bb5 Nd4 4. Bc4 e6 5. Nge2 Nc6 6. O-O Qb6 7. d3 Nf6 8. Bf4 Be7 9. Bb3 O-O 10. Ng3 d6 11. Be3 Nd4 12. Kh1 Qc6 13. f4 b5 14. Bxd4 cxd4 15. Nce2 Qb6 16. h3 h5 17. Ng1 h4 18. Nh5 Nh7 19. f5 g6 20. fxg6 fxg6 21. Nf4 Rxf4 22. Rxf4 Kg7 23. Qf1 Nf6 24. Re1 e5 25. Rf3 Bd7 26. Qf2 g5 27. Rf1 Rf8 28. Qd2 Kg6 29. Rf5 Bxf5 30. Rxf5 Nh5 31. Rxf8 Bxf8 32. Nf3 Be7 33. Qf2 Ng3+ 34. Kh2 Qd8 35. Ng1 Bf6 36. Ne2 Nh5 37. Qf3 a5 38. Qf5+ Kg7 39. Qe6 a4 40. Qf7+ Kh6 41. Be6 Qe7 42. Qxe7 Bxe7 43. g3 b4 44. a3 bxa3 45. bxa3 Kg7 46. Bd7 Nf6 47. Bxa4 Bd8 48. Bb5 Ba5 49. Bc4 Be1 50. gxh4 gxh4 51. Kg2 Nh5 52. Kf3 Kg6 53. Kg4 Nf6+ 54. Kf3 Kg5 55. a4 Nd7 56. Bb5 Nc5 57. Nc1 Bb4 58. Na2 Ba5 59. Bc6 Ne6 60. Nc1 Nf4 61. Nb3 Bc7 62. a5 Nxh3 63. Bd7 Nf4 64. a6 Bb6 65. Na5 h3 66. Bxh3 Nxh3 67. Nc4 Ba7 68. Nxd6 Nf4 69. Nc8 Bc5 70. a7 Bxa7 71. Nxa7 Ne6 72. Nc6 Kf6 73. Kg4 Nc5 74. Nb8 Na4 75. Nd7+ Ke6 76. Nb8 Nb2 77. Na6 Nd1 78. Nc5+ Kd6 79. Nb7+ Ke6 80. Nc5+ Kf6 81. Nd7+ Ke6 82. Nc5+ 1/2-1/2

[Event "Titled Tuesday intern op 28th Dec"]
[Site "Chess.com INT"]
[Date "2021.12.28"]
[Round "5"]
[White "Khabinets, Ivan"]
[Black "Seo, Jung Min"]
[Result "1-0"]
[WhiteElo "1980"]
[BlackElo "2459"]
[PlyCount "63"]
[EventDate "2021.12.28"]
[EventType "swiss (blitz)"]
[EventRounds "11"]
[EventCountry "USA"]
[SourceTitle "CBM 206 Extra"]
[Source "ChessBase"]
[SourceDate "2022.03.31"]
[SourceVersion "1"]
[SourceVersionDate "2022.03.31"]
[SourceQuality "1"]

1. e4 c6 2. d4 d5 3. e5 Bf5 4. Nf3 e6 5. Be2 Nd7 6. O-O Ne7 7. c3 h6 8. Nbd2 Bh7 9. Ne1 c5 10. Ndf3 Nc6 11. Nd3 Be7 12. Nf4 O-O 13. Be3 Qb6 14. Qb3 cxd4 15. cxd4 Qxb3 16. axb3 Nb4 17. Rac1 Rfc8 18. Rc3 Nc2 19. Rc1 Bb4 20. Rxc8+ Rxc8 21. Nd3 Rc6 22. Nxb4 Nxb4 23. Rc3 Bc2 24. Ne1 Bb1 25. Kf1 a6 26. f4 f6 27. Bd2 Kf7 28. Kf2 Nb8 29. g4 Nc2 30. Bd3 Rxc3 31. Bxc3 Nxe1 32. Bxb1 1-0

[Event "Titled Tuesday intern op 28th Dec"]
[Site "Chess.com INT"]
[Date "2021.12.28"]
[Round "5"]
[White "Kollars, Dmitrij"]
[Black "Ovetchkin, Roman"]
[Result "1-0"]
[WhiteElo "2622"]
[BlackElo "2518"]
[PlyCount "107"]
[EventDate "2021.12.28"]
[EventType "swiss (blitz)"]
[EventRounds "11"]
[EventCountry "USA"]
[SourceTitle "CBM 206 Extra"]
[Source "ChessBase"]
[SourceDate "2022.03.31"]
[SourceVersion "1"]
[SourceVersionDate "2022.03.31"]
[SourceQuality "1"]

1. d4 Nf6 2. c4 c5 3. d5 b5 4. cxb5 a6 5. bxa6 Bxa6 6. Nc3 d6 7. Nf3 g6 8. e4 Bxf1 9. Kxf1 Bg7 10. g3 O-O 11. Kg2 Nbd7 12. Nd2 Ra6 13. Qc2 Qa8 14. Nc4 Rb8 15. Rd1 Rb4 16. b3 Nxe4 17. Nxe4 Bxa1 18. a4 Bg7 19. Bg5 Nf6 20. Nxf6+ Bxf6 21. Bxf6 exf6 22. Rd3 Rb8 23. Qc3 f5 24. Qf6 Rd8 25. h4 Rd7 26. Re3 Qd8 27. Qc3 Ra8 28. h5 Rb8 29. a5 Qg5 30. hxg6 hxg6 31. Re1 Qh6 32. a6 Qg7 33. Qa5 Qf6 34. Qa4 Ra7 35. Qc6 Rba8 36. Re8+ Rxe8 37. Qxe8+ Kg7 38. Qc6 f4 39. Nxd6 f3+ 40. Kh2 Re7 41. Ne8+ Rxe8 42. Qxe8 Qd4 43. Qe3 Qxd5 44. a7 Qb7 45. Qxc5 Kh7 46. b4 Qe4 47. Qe3 Qd5 48. b5 Qb7 49. b6 Qd5 50. Qf4 Qb7 51. g4 Qd5 52. Kg3 Qc6 53. Qxf3 Qd6+ 54. Kg2 1-0

[Event "Titled Tuesday intern op 28th Dec"]
[Site "Chess.com INT"]
[Date "2021.12.28"]
[Round "5"]
[White "Lakshmi, Chidambaram"]
[Black "Pandey, Srishti"]
[Result "1-0"]
[WhiteElo "2058"]
[BlackElo "2177"]
[PlyCount "135"]
[EventDate "2021.12.28"]
[EventType "swiss (blitz)"]
[EventRounds "11"]
[EventCountry "USA"]
[SourceTitle "CBM 206 Extra"]
[Source "ChessBase"]
[SourceDate "2022.03.31"]
[SourceVersion "1"]
[SourceVersionDate "2022.03.31"]
[SourceQuality "1"]

1. e4 e5 2. Nf3 Nc6 3. Bb5 a6 4. Ba4 Nf6 5. O-O b5 6. Bb3 Bc5 7. c3 d6 8. Re1 O-O 9. a4 Rb8 10. h3 h6 11. d4 Bb6 12. Be3 exd4 13. cxd4 Na5 14. Bc2 Nc4 15. b3 Nxe3 16. Rxe3 c5 17. Nc3 b4 18. Ne2 Bb7 19. Ng3 a5 20. Nf5 Re8 21. Qd3 Ra8 22. Ree1 Ba6 23. Qd2 c4 24. Qf4 d5 25. e5 Nh7 26. Nxh6+ gxh6 27. Qxh6 Nf8 28. Ng5 Ra7 29. Bh7+ Nxh7 30. Nxh7 Re6 31. Nf6+ Rxf6 32. exf6 Qf8 33. Qg5+ Kh7 34. Qf5+ Kh6 35. Re3 Bc8 36. Qf4+ Kh7 37. Re5 Qh6 38. Qf3 Kg6 39. Rae1 Bc7 40. Qg3+ Kh7 41. Qf3 Bxe5 42. Rxe5 Kg6 43. Qg3+ Kxf6 44. Qf3+ Kg7 45. Rxd5 Bb7 46. Qg3+ Qg6 47. Rg5 Bc6 48. Rxg6+ fxg6 49. Qe5+ Kh7 50. Qc5 cxb3 51. Qxa7+ Kh6 52. Qc5 Be4 53. Qc1+ Kg7 54. Qb2 Bc2 55. f3 Kf7 56. Kf2 Ke6 57. Ke3 Kd5 58. Kd2 Kc4 59. Qa1 Kd5 60. Qb2 Kc4 61. g4 Kd5 62. h4 Kc4 63. h5 gxh5 64. gxh5 Kd5 65. Ke3 Kc4 66. Kf4 Kd5 67. Kg5 Kc4 68. f4 1-0

[Event "Titled Tuesday intern op 28th Dec"]
[Site "Chess.com INT"]
[Date "2021.12.28"]
[Round "5"]
[White "Lauridsen, Jesper Morck"]
[Black "Melian, Juan Sebastian"]
[Result "1-0"]
[WhiteElo "2215"]
[BlackElo "2075"]
[PlyCount "49"]
[EventDate "2021.12.28"]
[EventType "swiss (blitz)"]
[EventRounds "11"]
[EventCountry "USA"]
[SourceTitle "CBM 206 Extra"]
[Source "ChessBase"]
[SourceDate "2022.03.31"]
[SourceVersion "1"]
[SourceVersionDate "2022.03.31"]
[SourceQuality "1"]

1. d4 Nf6 2. c4 e6 3. Nc3 Bb4 4. e3 O-O 5. Bd3 d5 6. Nge2 c5 7. cxd5 Nxd5 8. O-O cxd4 9. Nxd5 Qxd5 10. Nxd4 Nc6 11. Nxc6 Qxc6 12. Bd2 Be7 13. Rc1 Qe8 14. Qb3 Rb8 15. Rfd1 Bd7 16. Rc7 Bc6 17. Bb4 Ba4 18. Bxh7+ Kh8 19. Qc4 Bxb4 20. Qh4 g6 21. Bxg6+ Kg7 22. Qh7+ Kf6 23. Rd4 Rh8 24. Rf4+ Ke5 25. Qg7+ 1-0

[Event "Titled Tuesday intern op 28th Dec"]
[Site "Chess.com INT"]
[Date "2021.12.28"]
[Round "5"]
[White "Leve, Nitai D"]
[Black "Kiseleva, Arina"]
[Result "1-0"]
[WhiteElo "2128"]
[BlackElo "1962"]
[PlyCount "95"]
[EventDate "2021.12.28"]
[EventType "swiss (blitz)"]
[EventRounds "11"]
[EventCountry "USA"]
[SourceTitle "CBM 206 Extra"]
[Source "ChessBase"]
[SourceDate "2022.03.31"]
[SourceVersion "1"]
[SourceVersionDate "2022.03.31"]
[SourceQuality "1"]

1. e4 c6 2. d4 d5 3. e5 Bf5 4. h4 h5 5. Bd3 Bxd3 6. Qxd3 Qa5+ 7. Nd2 Qa6 8. c4 e6 9. Ngf3 Nd7 10. O-O Nh6 11. Qc2 Be7 12. cxd5 cxd5 13. Rd1 Nf5 14. g3 Qc6 15. Qxc6 bxc6 16. Nf1 c5 17. Ne3 Nxe3 18. Bxe3 c4 19. b3 Nb6 20. bxc4 Nxc4 21. Nd2 Nxe3 22. fxe3 g5 23. hxg5 Bxg5 24. Kf2 h4 25. gxh4 Bxh4+ 26. Ke2 Kd7 27. Rf1 Ke7 28. Rab1 Rab8 29. Kd3 Rxb1 30. Rxb1 Bg5 31. Rb7+ Ke8 32. Rb8+ Bd8 33. Ra8 a5 34. Nb3 Rh2 35. Nc5 Rxa2 36. Nb7 Ra3+ 37. Ke2 Ra2+ 38. Kf3 a4 39. Rxd8+ Ke7 40. Ra8 a3 41. Nc5 Ra1 42. Kg2 a2 43. e4 Re1 44. Rxa2 Rxe4 45. Nxe4 f6 46. Kf2 fxe5 47. dxe5 dxe4 48. Ra7+ 1-0

[Event "Titled Tuesday intern op 28th Dec"]
[Site "Chess.com INT"]
[Date "2021.12.28"]
[Round "5"]
[White "Magallanes, Rey Jomar"]
[Black "Plotnikov, Pavel"]
[Result "0-1"]
[WhiteElo "2044"]
[BlackElo "2297"]
[PlyCount "44"]
[EventDate "2021.12.28"]
[EventType "swiss (blitz)"]
[EventRounds "11"]
[EventCountry "USA"]
[SourceTitle "CBM 206 Extra"]
[Source "ChessBase"]
[SourceDate "2022.03.31"]
[SourceVersion "1"]
[SourceVersionDate "2022.03.31"]
[SourceQuality "1"]

1. d4 d5 2. c4 dxc4 3. e3 Nf6 4. Bxc4 e6 5. Nf3 c5 6. O-O a6 7. a4 Nc6 8. Nc3 Be7 9. Qe2 cxd4 10. exd4 Nxd4 11. Nxd4 Qxd4 12. Be3 Qe5 13. Rad1 O-O 14. f4 Qc7 15. Kh1 Bd7 16. Bd4 Bc6 17. Be5 Qa5 18. f5 exf5 19. Rxf5 Rfe8 20. Bxf6 Qxf5 21. Bxe7 Qg6 22. Re1 Rxe7 0-1

[Event "Titled Tuesday intern op 28th Dec"]
[Site "Chess.com INT"]
[Date "2021.12.28"]
[Round "5"]
[White "Makarian, Rudik"]
[Black "Arabidze, Meri"]
[Result "1-0"]
[WhiteElo "2509"]
[BlackElo "2413"]
[PlyCount "129"]
[EventDate "2021.12.28"]
[EventType "swiss (blitz)"]
[EventRounds "11"]
[EventCountry "USA"]
[SourceTitle "CBM 206 Extra"]
[Source "ChessBase"]
[SourceDate "2022.03.31"]
[SourceVersion "1"]
[SourceVersionDate "2022.03.31"]
[SourceQuality "1"]

1. e4 c5 2. Nf3 e6 3. g3 Nc6 4. Bg2 d6 5. d4 cxd4 6. Nxd4 Bd7 7. O-O Nf6 8. c4 a6 9. Nc3 Be7 10. b3 O-O 11. Bb2 Rc8 12. Nxc6 Bxc6 13. a4 a5 14. Re1 Nd7 15. Nd5 Nc5 16. Nxe7+ Qxe7 17. Re3 e5 18. Qd2 f5 19. exf5 Bxg2 20. Kxg2 Rxf5 21. f4 Rcf8 22. Rae1 Qf7 23. Qxd6 e4 24. Rxe4 Nxe4 25. Rxe4 Qh5 26. h3 R5f7 27. g4 Qh4 28. Qe6 Rd8 29. Bd4 h6 30. f5 Qg5 31. Be3 Qf6 32. Qxf6 Rxf6 33. Kf3 Rd3 34. Re5 Rxb3 35. Rxa5 Rf7 36. Rb5 Ra3 37. Re5 Rxa4 38. c5 Ra3 39. Re8+ Rf8 40. Re7 Rf7 41. Re6 Rb3 42. Ke4 Rd7 43. h4 Rb4+ 44. Kf3 Rb3 45. g5 hxg5 46. hxg5 Rf7 47. Kg4 Rb4+ 48. Bf4 Rc4 49. Re5 Rf8 50. Rd5 Rc8 51. Rd7 R4xc5 52. Bd6 Rc4+ 53. Kh5 Rc2 54. Kg6 R2c6 55. Rxg7+ Kh8 56. Rh7+ Kg8 57. Rg7+ Kh8 58. Rh7+ Kg8 59. Rd7 Re8 60. f6 Rf8 61. Rg7+ Kh8 62. Bxf8 b5 63. Bb4 Rc4 64. Rh7+ Kg8 65. f7# 1-0

[Event "Titled Tuesday intern op 28th Dec"]
[Site "Chess.com INT"]
[Date "2021.12.28"]
[Round "5"]
[White "Martin Carmona, Gaston Manuel"]
[Black "Shuvalov, Evgenij"]
[Result "1-0"]
[WhiteElo "2362"]
[BlackElo "2182"]
[PlyCount "61"]
[EventDate "2021.12.28"]
[EventType "swiss (blitz)"]
[EventRounds "11"]
[EventCountry "USA"]
[SourceTitle "CBM 206 Extra"]
[Source "ChessBase"]
[SourceDate "2022.03.31"]
[SourceVersion "1"]
[SourceVersionDate "2022.03.31"]
[SourceQuality "1"]

1. d4 Nf6 2. Nf3 g6 3. c4 Bg7 4. Nc3 d5 5. cxd5 Nxd5 6. e4 Nxc3 7. bxc3 c5 8. Rb1 O-O 9. Be2 cxd4 10. cxd4 Qa5+ 11. Bd2 Qxa2 12. O-O Bg4 13. Bg5 Nc6 14. d5 Bxf3 15. Bxf3 Nd4 16. Bxe7 Rfe8 17. Rxb7 Qa6 18. Rc7 Nxf3+ 19. Qxf3 Be5 20. Bd6 f5 21. Bxe5 Rxe5 22. Qh3 h5 23. Rc6 Qe2 24. Rxg6+ Kf7 25. Qg3 Rxe4 26. Rh6 Rg8 27. Rh7+ Kf8 28. Qb8+ Re8 29. Qd6+ Re7 30. Qd8+ Re8 31. Qf6# 1-0

[Event "Titled Tuesday intern op 28th Dec"]
[Site "Chess.com INT"]
[Date "2021.12.28"]
[Round "5"]
[White "Matthiesen, Martin"]
[Black "Wagner, Dennis"]
[Result "1-0"]
[WhiteElo "2320"]
[BlackElo "2584"]
[PlyCount "45"]
[EventDate "2021.12.28"]
[EventType "swiss (blitz)"]
[EventRounds "11"]
[EventCountry "USA"]
[SourceTitle "CBM 206 Extra"]
[Source "ChessBase"]
[SourceDate "2022.03.31"]
[SourceVersion "1"]
[SourceVersionDate "2022.03.31"]
[SourceQuality "1"]

1. d4 Nf6 2. c4 e6 3. Nf3 d5 4. Nc3 Nbd7 5. Bf4 dxc4 6. e3 Nd5 7. Bxc4 Nxf4 8. exf4 Be7 9. O-O O-O 10. Re1 c6 11. Qe2 b5 12. Bb3 a5 13. f5 Kh8 14. fxe6 fxe6 15. Bxe6 Bd6 16. Ne4 Nf6 17. Neg5 Ra7 18. Ne5 Bxe5 19. dxe5 Nd5 20. Bxc8 Qxg5 21. Qg4 Qd2 22. Re2 Qd4 23. Qxd4 1-0

[Event "Titled Tuesday intern op 28th Dec"]
[Site "Chess.com INT"]
[Date "2021.12.28"]
[Round "5"]
[White "Mitusov, Semen"]
[Black "Avazkhonov, Alikhon"]
[Result "1-0"]
[WhiteElo "2304"]
[BlackElo "1538"]
[PlyCount "47"]
[EventDate "2021.12.28"]
[EventType "swiss (blitz)"]
[EventRounds "11"]
[EventCountry "USA"]
[SourceTitle "CBM 206 Extra"]
[Source "ChessBase"]
[SourceDate "2022.03.31"]
[SourceVersion "1"]
[SourceVersionDate "2022.03.31"]
[SourceQuality "1"]

1. e4 c5 2. c3 d5 3. exd5 Qxd5 4. d4 Nf6 5. Nf3 Bg4 6. Be2 e6 7. O-O Nc6 8. h3 Bh5 9. Na3 cxd4 10. Nb5 Bd6 11. Bc4 Bxf3 12. Bxd5 Bxd1 13. Bxc6+ bxc6 14. Nxd6+ Ke7 15. Rxd1 Kxd6 16. Rxd4+ Ke7 17. b3 Rhd8 18. Ba3+ Ke8 19. Rad1 Rxd4 20. Rxd4 Rd8 21. Ra4 Rd1+ 22. Kh2 Rd2 23. Bc5 Ne4 24. Rxe4 1-0

[Event "Titled Tuesday intern op 28th Dec"]
[Site "Chess.com INT"]
[Date "2021.12.28"]
[Round "5"]
[White "Muromtsev, Arthur"]
[Black "Stankovic, Ivan G"]
[Result "0-1"]
[WhiteElo "2129"]
[BlackElo "2255"]
[PlyCount "90"]
[EventDate "2021.12.28"]
[EventType "swiss (blitz)"]
[EventRounds "11"]
[EventCountry "USA"]
[SourceTitle "CBM 206 Extra"]
[Source "ChessBase"]
[SourceDate "2022.03.31"]
[SourceVersion "1"]
[SourceVersionDate "2022.03.31"]
[SourceQuality "1"]

1. e4 c5 2. Nf3 Nc6 3. Nc3 g6 4. Bb5 Bg7 5. Bxc6 bxc6 6. d3 Nh6 7. O-O O-O 8. h3 f6 9. d4 cxd4 10. Qxd4 Nf7 11. Be3 d6 12. Qd2 Be6 13. Rad1 Rb8 14. b3 Qc7 15. Nd4 Bd7 16. f4 e5 17. Nde2 Rbd8 18. Na4 d5 19. Nc5 d4 20. Bf2 Bc8 21. c3 dxc3 22. Qxc3 exf4 23. Qc4 Qe7 24. Nxf4 Kh8 25. Nfe6 Ne5 26. Nxd8 Nxc4 27. Nxc6 Qc7 28. Nxa7 Nb2 29. Rd2 f5 30. Nb5 Qc6 31. Nd6 Rd8 32. e5 Kg8 33. Bd4 Rxd6 34. exd6 Bxd4+ 35. Rxd4 Qxc5 36. Rff4 Bd7 37. Kh2 Qe5 38. h4 h6 39. Kh3 g5 40. hxg5 hxg5 41. Rb4 gxf4 42. Rb8+ Kf7 43. Rd8 Ke6 44. Rg8 Kxd6 45. Rg6+ Be6 0-1

[Event "Titled Tuesday intern op 28th Dec"]
[Site "Chess.com INT"]
[Date "2021.12.28"]
[Round "5"]
[White "Nastore, Pavel Alexandru"]
[Black "Nilsen, Tobias Lang"]
[Result "0-1"]
[WhiteElo "2329"]
[BlackElo "2279"]
[PlyCount "103"]
[EventDate "2021.12.28"]
[EventType "swiss (blitz)"]
[EventRounds "11"]
[EventCountry "USA"]
[SourceTitle "CBM 206 Extra"]
[Source "ChessBase"]
[SourceDate "2022.03.31"]
[SourceVersion "1"]
[SourceVersionDate "2022.03.31"]
[SourceQuality "1"]

1. e4 e6 2. d4 d5 3. Nc3 Nf6 4. Bg5 Bb4 5. e5 h6 6. Bd2 Bxc3 7. bxc3 Ne4 8. Bc1 Nxc3 9. Qg4 g6 10. h4 h5 11. Qh3 Na4 12. Bb5+ Bd7 13. Bg5 Qc8 14. Qa3 c5 15. Bxa4 b5 16. Bb3 b4 17. Qb2 c4 18. Ba4 Bxa4 19. Qxb4 Qd7 20. Rb1 Na6 21. Qa5 O-O 22. Qxa6 Rab8 23. Rc1 c3 24. Ne2 Rfc8 25. f3 Rb2 26. Qa5 Bxc2 27. Nxc3 Bd3 28. Bd2 Rc4 29. Qa3 Rb8 30. Kf2 Rxd4 31. Ke3 Rbb4 32. Ne2 Ra4 33. Qc3 Bxe2 34. Kxe2 Rac4 35. Qe3 Qc7 36. Rxc4 Qxc4+ 37. Kf2 Rd3 38. Qe2 Qd4+ 39. Kg3 Rxd2 40. Qa6 Qxe5+ 41. Kh3 Qf5+ 42. Kg3 Qe5+ 43. Kh3 Qe2 44. Qc8+ Kg7 45. Rh2 Qe5 46. Rh1 Qf5+ 47. Kg3 Rxa2 48. Qd8 Rc2 49. Re1 Rc4 50. Qd6 Qf6 51. Ra1 Qxa1 52. Qf8+ 0-1

[Event "Titled Tuesday intern op 28th Dec"]
[Site "Chess.com INT"]
[Date "2021.12.28"]
[Round "5"]
[White "Nasyrova, Ekaterina"]
[Black "Kim, Sergey2"]
[Result "0-1"]
[WhiteElo "2109"]
[BlackElo "2295"]
[PlyCount "80"]
[EventDate "2021.12.28"]
[EventType "swiss (blitz)"]
[EventRounds "11"]
[EventCountry "USA"]
[SourceTitle "CBM 206 Extra"]
[Source "ChessBase"]
[SourceDate "2022.03.31"]
[SourceVersion "1"]
[SourceVersionDate "2022.03.31"]
[SourceQuality "1"]

1. d4 Nf6 2. c4 g6 3. g3 Bg7 4. Bg2 O-O 5. Nf3 d6 6. Nc3 Nbd7 7. O-O e5 8. e4 exd4 9. Nxd4 Re8 10. Re1 Nc5 11. f3 c6 12. Be3 a5 13. Qd2 a4 14. Rad1 Qa5 15. Bf2 Nfd7 16. Nce2 Ne5 17. Qc2 Qb4 18. b3 axb3 19. Nxb3 Qxc4 20. Qxc4 Nxc4 21. Nxc5 dxc5 22. Bxc5 Rxa2 23. Bf1 Ne5 24. Bg2 Rc2 25. Bd4 c5 26. Bf2 c4 27. Nd4 Ra2 28. Re2 Rxe2 29. Nxe2 Nd3 30. Be3 b5 31. Bf1 b4 32. Nd4 Nb2 33. Rb1 c3 34. Nb5 Be6 35. f4 Rd8 36. e5 Bf8 37. Nd6 f6 38. Bc5 fxe5 39. fxe5 Bh6 40. Bxb4 c2 0-1